000 00569nam a2200217Ia 4500
003 OSt
005 20220928140637.0
006 a|||||r|||| 00| 0
007 ta
008 220927b |||||||| |||| 00| 0 eng d
024 _a10359
037 _cTextual
040 _aSDCL
_cSDCL
_beng
041 _2eng
_aeng
082 _aO-,3M3:g, K3
100 _aKaul A N
245 0 _aAmerican vision
_b Actual and ideal society in nineteenth-century fiction.
260 _c1963
942 _hO-,3M3:g, K3
_cTEXL
_2CC
999 _c812881
_d812881